Podpora z energetického nástroja AKT - EÚ pre energiu z obnoviteľných zdrojov vo východnej Afrike osobitná správa č. 15 : (podľa článku 287 ods. 4 druhého pododseku ZFEÚ)

Guardado en:
Detalles Bibliográficos
Autor Corporativo: European Court of Auditors
Formato: Libro
Lenguaje:eslovaco
Publicado: Luxemburg Úrad pre vydávanie publikácií Európskej únie 2015
Materias:
Etiquetas: Agregar Etiqueta
Sin Etiquetas, Sea el primero en etiquetar este registro!

MARC

LEADER 00000nam a2200000 4500
001 0210842
005 20240318125738.1
020 |a 978-92-872-3085-0 
022 |a 1831-0931 
041 0 |a slo 
044 |a LU 
245 1 0 |a Podpora z energetického nástroja AKT - EÚ pre energiu z obnoviteľných zdrojov vo východnej Afrike  |b osobitná správa č. 15 : (podľa článku 287 ods. 4 druhého pododseku ZFEÚ) 
264 1 |a Luxemburg  |b Úrad pre vydávanie publikácií Európskej únie  |c 2015 
300 |a 52 s. 
610 2 0 |a audit 
610 2 0 |a revízia 
610 2 0 |a energetika 
610 2 0 |a financovanie 
610 2 0 |a projekty 
610 2 0 |a zdroje energie obnoviteľné 
610 2 0 |a Afrika 
610 2 0 |a Európska únia 
710 2 |a European Court of Auditors